| 000 | 00671nam a2200265Ia 4500 | ||
|---|---|---|---|
| 003 | OSt | ||
| 005 | 20220912152756.0 | ||
| 006 | a|||||r|||| 00| 0 | ||
| 007 | ta | ||
| 008 | 220909b |||||||| |||| 00| 0 eng d | ||
| 024 | _a34742 | ||
| 037 | _cTextual | ||
| 040 |
_aCSL _beng _cCSL |
||
| 041 | _aeng | ||
| 082 | _aU3p2,N78, L8 | ||
| 100 | _aBandhu Desh Ed. | ||
| 245 | 0 | _aManaging the environment | |
| 260 | _c1978 | ||
| 300 |
_ap. _ccm. |
||
| 650 | _aEnvironment | ||
| 700 | _a Bhardwaj Veena Ed. | ||
| 700 | _a Bhat JL Ed. | ||
| 942 |
_hU3p2,N78, L8 _cTEXL _2CC |
||
| 999 |
_c91919 _d91919 |
||